Statistics for Word Puzzles - People #2

Click here to take the quiz!

General Stats

  • This quiz has been taken 5,594 times
  • The average score is 25 of 50

Answer Stats

Clue Answer % Correct
Vice President GoreAl
88%
His gift for the naughtyCoal
85%
Owner of a Y chromosomeMan
84%
Jolly old saintNick
82%
X, to a Roman mathematicianTen
80%
What a witch has on her noseWart
74%
Way to enter a buildingDoor
73%
PoltergeistGhost
72%
Frodo had oneRing
70%
By any other name would
smell as sweet
Rose
68%
Robert E.Lee
68%
Young Irish girlLass
65%
AdolescentTeen
64%
Tennis player EvertChris
64%
What maple syrup is made fromSap
63%
AridDry
62%
Unit of sunshineRay
61%
Made a holeDug
57%
(Person)Ringo Starr
56%
Type of glovesKid
55%
The end is ____Nigh
54%
(Person)Nicole Kidman
53%
Soup alternativeStew
53%
Washing machine cycleRinse
52%
Strong windGale
51%
Elephant trap at La BreaTar
48%
Sentient computer from 2001HAL
47%
Place for old stuffAttic
45%
(Person)Kristen Stewart
44%
What to do with white wine
before serving
Chill
43%
SwearCuss
43%
What a good rapper hasFlow
41%
Type of fruitBerry
41%
(Person)Halle Berry
39%
Magical mystery mode of
transportation
Bus
38%
Weight for one handDumbbell
37%
(Person)Florence Nightingale
37%
Prostitution, gambling, etc...Vice
35%
(Person)Albus Dumbledore
32%
(Person)Atticus Finch
30%
Type of songbirdFinch
30%
Boxes suitable for holding
Moses's tablets
Arks
29%
(Person)Rosa Parks
28%
Like CroesusRich
25%
To act like a baby who won't sleepFuss
23%
Northernmost U.S. city over
10,000 people
Fairbanks
21%
(Person)Richard Dreyfuss
19%
Leafy vegetableChard
19%
(Person)Douglas Fairbanks
19%
(Person)Rachel Weisz 
18%

Score Distribution

Percentile by Number Answered

Percent of People with Each Score

Your Score History

You have not taken this quiz